000 02432nam a22001937a 4500
999 _c86787
_d86785
005 20250911132013.0
008 250708b ||||| |||| 00| 0 eng d
050 _aGST LG221.R59
_bL734 2025
100 _aLimjuco, Abigail T.
_cAuthor.
245 _aFinancial Literacy and Socio-economic Condition of Small-scale Farmers in Pinamalayan, Oriental Mindoro;
_cLimjuco, Abigail T.;
260 _c© 2025
300 _axii, 120 leaves;
_bIllustration
_c28 cm
337 _2rda media
_aunmediated
338 _2rda carrier
_avolume
502 _aGSTHESIS
_bMaster in Business Administration
_cUniversity of Rizal System
_d2025
520 _aThis study aimed to assess the financial literacy and socio-economic condition of small-scale farmers in Pinamalayan, Oriental Mindoro, focusing on their financial management practices, access to financial services, and overall economic well-being. It was conducted from the post-pandemic period up to 2023. A total of 100 small-scale farmers, each cultivating one hectare or less of farmland, participated in the study. Respondents were selected through a combination of stratified and simple random sampling. The population was divided into strata based on relevant characteristics, and within each stratum, participants were randomly selected, ensuring equal representation and unbiased sampling. Data were gathered using a researcher-made survey questionnaire, validated by the experts. The study employed a quantitative research method, utilizing a descriptive research design to analyze the level of financial literacy and socio-economic status among the respondents. Findings revealed that small-scale farmers in Pinamalayan exhibit moderate financial literacy, with basic understanding in budgeting, debt management, and the use of financial products and services. Their socio-economic condition is also moderately stable, characterized by practical cash flow strategies but limited access to government interventions and support. A significant difference in financial literacy and socio-economic condition was found when respondents were grouped by educational attainment. The study also found a strong positive relationship between financial literacy and economic well-being, emphasizing the need for targeted financial education programs to help farmers enhance financial resilience and Improve long-term economic security.
700 _aVale, Armando D.
_eAdviser.
942 _2lcc
_cT